| 000 | nam a22 a 4500 | ||
|---|---|---|---|
| 999 |
_c328073 _d328073 |
||
| 003 | BLK | ||
| 005 | 20190218110607.0 | ||
| 008 | 181218b bu ||||| |||| 00| 0 bu d | ||
| 020 | _a9786190102373 | ||
| 040 | _aBLK | ||
| 041 |
_aBUL _cBUL |
||
| 080 |
_aОбщи работи. Философски науки в цялост _b101 _x(091) _z101(091) |
||
| 100 |
_9370579 _aДелчев, Красимир _eпърви автор |
||
| 139 |
_aДелчев, Красимир _bД 39 |
||
| 245 | _aФилософски критически студии | ||
| 260 |
_9210881 _aСофия _bИзток-Запад _c2018 _n978-619-01- ; 978-619-152- ; 978-954-321- ; 954-8945- |
||
| 300 |
_a216 с. _c22 см |
||
| 380 | _a1 | ||
| 650 | 7 |
_9159735 _aКритика |
|
| 653 | 7 |
_9197659 _aстудии |
|
| 700 |
_9390420 _aМанова, Габриела _eкор. |
||
| 700 |
_9639 _aКозаров, Любен _eкомпютърна обраб. |
||
| 700 |
_9339548 _aТрифонова, Деница _eхудож. |
||
| 852 | _aЦб 292692 | ||
| 942 |
_cKNG _n0 |
||
| 944 |
_aCR _c2018-12-18 _kКристиан Велковски _l2018-12-18 |
||
| 999 | _d328073 | ||